000 00305nam a2200121Ia 4500
008 190216s9999||||xx |||||||||||||| ||und||
100 _aBurkill J C
245 2 _aA First Course In Mathematical Analysis
260 _bVikas Publishing House
_c1979
300 _a185p
650 _aMathematics
942 _cBK
999 _c30798
_d30798